[Event "Isle of Wight International"]
[Site "Ryde"]
[Date "2025.02.18"]
[Round "1.21"]
[White "Vadalia, Jainill"]
[Black "Camacho Collados, Jose"]
[Result "1/2-1/2"]
[WhiteElo "1998"]
[BlackElo "2345"]
[PlyCount "86"]
[EventDate "2025.02.18"]
[EventType "swiss"]
[EventRounds "9"]
[EventCountry "ENG"]
[SourceTitle "BritBase"]
[Source "John Saunders"]
[SourceDate "2025.02.21"]
[SourceVersion "1"]
[SourceVersionDate "2025.02.21"]
[SourceQuality "1"]

1. d4 Nf6 2. c4 e6 3. Nf3 d5 4. cxd5 exd5 5. Nc3 c6 6. Bg5 h6 7. Bf4 Bd6 8. Bxd6 Qxd6 9. Qc2 g6 10. e3 Bf5 11. Bd3 Bxd3 12. Qxd3 Nbd7 13. O-O O-O 14. Rfc1 Qe7 15. Ne2 Ne4 16. b4 a6 17. Rab1 Rfe8 18. a4 Nb6 19. b5 axb5 20. axb5 Nc4 21. bxc6 bxc6 22. Ne5 Ra3 23. Rb3 Nxe5 24. dxe5 Nc5 25. Rxa3 Nxd3 26. Rxd3 Ra8 27. Rdc3 Ra2 28. Ng3 Qxe5 29. Rxc6 h5 30. R6c2 Rxc2 31. Rxc2 h4 32. Nf1 g5 33. Rd2 f5 34. h3 Kf7 35. Rd4 f4 36. Ra4 fxe3 37. fxe3 Kg6 38. Rd4 Kh5 39. Rg4 Qb2 40. Rd4 Qa2 41. Rg4 Qe2 42. Rd4 Qa2 43. Rg4 Qe2 1/2-1/2

[Event "Isle of Wight International"]
[Site "Ryde"]
[Date "2025.02.18"]
[Round "1.22"]
[White "Houska, Jovanka"]
[Black "Pick, Freddie"]
[Result "1-0"]
[WhiteElo "2344"]
[BlackElo "1994"]
[PlyCount "51"]
[EventDate "2025.02.18"]
[EventType "swiss"]
[EventRounds "9"]
[EventCountry "ENG"]
[SourceTitle "BritBase"]
[Source "John Saunders"]
[SourceDate "2025.02.21"]
[SourceVersion "1"]
[SourceVersionDate "2025.02.21"]
[SourceQuality "1"]

1. d4 Nf6 2. Nf3 g6 3. b3 Bg7 4. Bb2 O-O 5. e3 d6 6. Be2 Nbd7 7. O-O e5 8. dxe5 Ng4 9. c4 Ngxe5 10. Nxe5 dxe5 11. Nc3 c6 12. Ne4 Qc7 13. Qd6 Qxd6 14. Nxd6 a5 15. Rad1 Rd8 16. Rd2 Nc5 17. Rfd1 f5 18. g4 fxg4 19. Ba3 b6 20. Nxc8 Rxd2 21. Rxd2 Rxc8 22. Bxg4 Rb8 23. Rd6 Bf8 24. Rxc6 Rd8 25. Rxb6 Na4 26. Be6+ 1-0

[Event "Isle of Wight International"]
[Site "Ryde"]
[Date "2025.02.18"]
[Round "1.23"]
[White "Hagesaether, Arne"]
[Black "Fischer, Daniel"]
[Result "0-1"]
[WhiteElo "1993"]
[BlackElo "2341"]
[PlyCount "67"]
[EventDate "2025.02.18"]
[EventType "swiss"]
[EventRounds "9"]
[EventCountry "ENG"]
[SourceTitle "BritBase"]
[Source "John Saunders"]
[SourceDate "2025.02.21"]
[SourceVersion "1"]
[SourceVersionDate "2025.02.21"]
[SourceQuality "1"]

1. d4 Nf6 2. Nf3 e6 3. Bf4 d5 4. e3 Bd6 5. Nbd2 O-O 6. Bd3 c5 7. c3 Qc7 8. Bxd6 Qxd6 9. Ne5 b6 10. h4 Ba6 11. Bxa6 Nxa6 12. h5 h6 13. g4 Nd7 14. Nxd7 Qxd7 15. f4 f6 16. Qe2 Nc7 17. O-O-O e5 18. dxe5 fxe5 19. g5 exf4 20. gxh6 gxh6 21. Rhg1+ Kh7 22. Qd3+ Qf5 23. e4 Qxh5 24. exd5+ Qf5 25. Ne4 Rad8 26. c4 Ne6 27. Rdf1 Nd4 28. Rg4 f3 29. Rh1 Ne6 30. Rh5 Nf4 31. Ng5+ Kg6 32. Ne6+ Kxh5 33. Ng7+ Kxg4 34. Kb1 0-1

[Event "Isle of Wight International"]
[Site "Ryde"]
[Date "2025.02.18"]
[Round "1.24"]
[White "Arkell, Keith C"]
[Black "Sasikumar, Srivathsan"]
[Result "1-0"]
[WhiteElo "2329"]
[BlackElo "1992"]
[PlyCount "73"]
[EventDate "2025.02.18"]
[EventType "swiss"]
[EventRounds "9"]
[EventCountry "ENG"]
[SourceTitle "BritBase"]
[Source "John Saunders"]
[SourceDate "2025.02.21"]
[SourceVersion "1"]
[SourceVersionDate "2025.02.21"]
[SourceQuality "1"]

1. d4 Nf6 2. Nf3 e6 3. c4 d5 4. cxd5 exd5 5. Nc3 c6 6. Qc2 g6 7. Bg5 Be7 8. Bxf6 Bxf6 9. e3 Bf5 10. Bd3 Bxd3 11. Qxd3 O-O 12. O-O Nd7 13. b4 a6 14. a4 Qe7 15. b5 axb5 16. axb5 Rfd8 17. bxc6 bxc6 18. Ra6 Rxa6 19. Qxa6 Qe6 20. Na4 Nb8 21. Qb6 Qd6 22. Nc5 Nd7 23. Nxd7 Rxd7 24. Rc1 Rc7 25. g3 Be7 26. Ra1 c5 27. Ra8+ Kg7 28. Qb8 Bf8 29. dxc5 Qxc5 30. Kg2 Qd6 31. Qb2+ f6 32. Qb5 Qd7 33. Qb8 Qe7 34. Nd4 Qe4+ 35. f3 Rc2+ 36. Kh3 Qe7 37. Ra7 1-0

[Event "Isle of Wight International"]
[Site "Ryde"]
[Date "2025.02.18"]
[Round "1.25"]
[White "Yu, Rock"]
[Black "Badacsonyi, Stanley"]
[Result "1/2-1/2"]
[WhiteElo "1980"]
[BlackElo "2307"]
[PlyCount "68"]
[EventDate "2025.02.18"]
[EventType "swiss"]
[EventRounds "9"]
[EventCountry "ENG"]
[SourceTitle "BritBase"]
[Source "John Saunders"]
[SourceDate "2025.02.21"]
[SourceVersion "1"]
[SourceVersionDate "2025.02.21"]
[SourceQuality "1"]

1. Nf3 Nf6 2. g3 g6 3. b3 Bg7 4. Bb2 O-O 5. Bg2 d6 6. d4 b5 7. O-O Bb7 8. Nbd2 Nbd7 9. c4 bxc4 10. Nxc4 c5 11. dxc5 Nxc5 12. b4 Ne6 13. Na5 Be4 14. Nd4 Bxg2 15. Nxe6 fxe6 16. Kxg2 Qb6 17. Qd4 Qb5 18. Qc4 Qd5+ 19. Qxd5 exd5 20. Rad1 Rac8 21. Rc1 Rxc1 22. Bxc1 a6 23. Nc6 Kf7 24. Bb2 Ke6 25. a4 Kd7 26. Rc1 Bh6 27. Rc2 Ng4 28. Bd4 e5 29. h3 Nf6 30. Ba7 d4 31. b5 axb5 32. axb5 Ne4 33. f3 Nc3 34. Rb2 Nxb5 1/2-1/2

[Event "Isle of Wight International"]
[Site "Ryde"]
[Date "2025.02.18"]
[Round "1.26"]
[White "Radeva, Viktoria"]
[Black "Mokhber-Garcia, Sebastian"]
[Result "1-0"]
[WhiteElo "2303"]
[BlackElo "1974"]
[PlyCount "63"]
[EventDate "2025.02.18"]
[EventType "swiss"]
[EventRounds "9"]
[EventCountry "ENG"]
[SourceTitle "BritBase"]
[Source "John Saunders"]
[SourceDate "2025.02.21"]
[SourceVersion "1"]
[SourceVersionDate "2025.02.21"]
[SourceQuality "1"]

1. e4 e5 2. Nf3 Nc6 3. Nc3 Nf6 4. Bb5 Bc5 5. Bxc6 dxc6 6. d3 Qe7 7. O-O h6 8. Ne2 O-O 9. Ng3 Nh7 10. Qe2 Re8 11. Be3 Nf8 12. h3 Ng6 13. Qd2 Nh4 14. Nxh4 Bxe3 15. Qxe3 Qxh4 16. f4 exf4 17. Rxf4 Qg5 18. Qf2 Be6 19. Rf1 f6 20. Kh2 Rf8 21. d4 Rf7 22. e5 Raf8 23. Ne4 Qg6 24. exf6 gxf6 25. g4 Kg7 26. Ng3 Kh7 27. Nf5 Bxf5 28. gxf5 Qg8 29. Rh4 Kh8 30. Rg1 Qh7 31. Rg6 h5 32. Qf3 1-0

[Event "Isle of Wight International"]
[Site "Ryde"]
[Date "2025.02.18"]
[Round "1.27"]
[White "Skettos, Nicolas"]
[Black "Kreken, Eivind Grunt"]
[Result "0-1"]
[WhiteElo "1966"]
[BlackElo "2285"]
[PlyCount "67"]
[EventDate "2025.02.18"]
[EventType "swiss"]
[EventRounds "9"]
[EventCountry "ENG"]
[SourceTitle "BritBase"]
[Source "John Saunders"]
[SourceDate "2025.02.21"]
[SourceVersion "1"]
[SourceVersionDate "2025.02.21"]
[SourceQuality "1"]

1. e4 c5 2. Nf3 e6 3. c3 d5 4. exd5 Qxd5 5. d4 Nf6 6. Na3 a6 7. Nc4 Nbd7 8. Be2 cxd4 9. Qxd4 Bc5 10. Qxd5 Nxd5 11. O-O b5 12. Nce5 Bb7 13. Nxd7 Kxd7 14. Ne5+ Ke7 15. Bf3 Rab8 16. Nd3 Bb6 17. Bg5+ f6 18. Bh4 Rhd8 19. Bg3 e5 20. Rad1 Rd7 21. Bg4 Rd6 22. Nxe5 fxe5 23. Bxe5 Rf8 24. Bxd6+ Kxd6 25. Bf3 Rf5 26. Rd2 Kc7 27. Re1 Rf7 28. Bxd5 Bxd5 29. Rxd5 Bxf2+ 30. Kf1 Bh4+ 31. Ke2 Re7+ 32. Kd3 Bxe1 33. c4 Rd7 34. Kd4 0-1

[Event "Isle of Wight International"]
[Site "Ryde"]
[Date "2025.02.18"]
[Round "1.28"]
[White "Dorrance, Adam"]
[Black "Lukhi, Neev"]
[Result "1-0"]
[WhiteElo "2284"]
[BlackElo "1963"]
[PlyCount "61"]
[EventDate "2025.02.18"]
[EventType "swiss"]
[EventRounds "9"]
[EventCountry "ENG"]
[SourceTitle "BritBase"]
[Source "John Saunders"]
[SourceDate "2025.02.21"]
[SourceVersion "1"]
[SourceVersionDate "2025.02.21"]
[SourceQuality "1"]

1. d4 Nf6 2. c4 e6 3. Nf3 d5 4. g3 Bb4+ 5. Nbd2 dxc4 6. Bg2 b5 7. a3 Be7 8. a4 c6 9. O-O O-O 10. Qc2 Bb7 11. b3 cxb3 12. Nxb3 Nbd7 13. Rd1 a5 14. Nc5 Bxc5 15. dxc5 Qe7 16. axb5 cxb5 17. c6 Rac8 18. Nd4 Nb8 19. Rxa5 Nd5 20. Bxd5 exd5 21. Ra7 Nxc6 22. Nxc6 Rxc6 23. Qxc6 Qxe2 24. Rxb7 Qxd1+ 25. Kg2 Qd3 26. Qxb5 Qe4+ 27. Kg1 d4 28. Bd2 h6 29. Rb8 d3 30. Rxf8+ Kxf8 31. Qb4+ 1-0

[Event "Isle of Wight International"]
[Site "Ryde"]
[Date "2025.02.18"]
[Round "1.29"]
[White "Patel, Keatan"]
[Black "Bezuidenhout, Roland"]
[Result "0-1"]
[WhiteElo "1957"]
[BlackElo "2283"]
[PlyCount "102"]
[EventDate "2025.02.18"]
[EventType "swiss"]
[EventRounds "9"]
[EventCountry "ENG"]
[SourceTitle "BritBase"]
[Source "John Saunders"]
[SourceDate "2025.02.21"]
[SourceVersion "1"]
[SourceVersionDate "2025.02.21"]
[SourceQuality "1"]

1. e4 e5 2. Nf3 Nc6 3. Bc4 Nf6 4. d4 exd4 5. e5 d5 6. Bb5 Nd7 7. O-O Be7 8. Bxc6 bxc6 9. Qxd4 O-O 10. c3 Nc5 11. Rd1 Ne4 12. Be3 Ba6 13. b4 Be2 14. Re1 c5 15. bxc5 Bxc5 16. Qa4 Bxf3 17. gxf3 Bxe3 18. Rxe3 Nc5 19. Qg4 f5 20. Qg2 f4 21. Re2 Rf5 22. Kh1 Qe8 23. Na3 Rxe5 24. Rg1 g6 25. Rxe5 Qxe5 26. Qg5 Re8 27. Nb5 Nd3 28. Qxe5 Rxe5 29. Nxc7 Re2 30. Rb1 Nxf2+ 31. Kg1 Nh3+ 32. Kh1 Ng5 33. Rf1 Rd2 34. h4 Nf7 35. Rb1 Ne5 36. Rf1 Kf7 37. Kg1 h6 38. Rf2 Rd3 39. Kg2 Nc4 40. Nb5 a6 41. Nc7 Ne3+ 42. Kg1 a5 43. Rb2 Rxc3 44. Rb7 Rc1+ 45. Kf2 Rc2+ 46. Ke1 Kf6 47. Rb6+ Ke5 48. Nb5 d4 49. Rb8 d3 50. Re8+ Kf6 51. Rd8 Re2# 0-1

[Event "Isle of Wight International"]
[Site "Ryde"]
[Date "2025.02.18"]
[Round "1.30"]
[White "Dickenson, Neil F"]
[Black "Chong, Kai Ni Agnes"]
[Result "0-1"]
[WhiteElo "2283"]
[BlackElo "1955"]
[PlyCount "126"]
[EventDate "2025.02.18"]
[EventType "swiss"]
[EventRounds "9"]
[EventCountry "ENG"]
[SourceTitle "BritBase"]
[Source "John Saunders"]
[SourceDate "2025.02.21"]
[SourceVersion "1"]
[SourceVersionDate "2025.02.21"]
[SourceQuality "1"]

1. d4 d5 2. Bf4 Nf6 3. e3 e6 4. Nd2 c5 5. c3 Nc6 6. Ngf3 cxd4 7. exd4 Nh5 8. Bg5 f6 9. Be3 g6 10. c4 Bd6 11. Qb3 Ne7 12. cxd5 exd5 13. Be2 Nf4 14. Bxf4 Bxf4 15. O-O O-O 16. Ne4 Kh8 17. Nc3 Rb8 18. h3 b5 19. a3 Bf5 20. Ne1 Nc6 21. Rd1 b4 22. axb4 Nxb4 23. Qa4 Rf7 24. g4 Be6 25. Ng2 Bh6 26. Bb5 Qd6 27. Rfe1 a6 28. Bf1 f5 29. Re5 fxg4 30. hxg4 Bxg4 31. Rde1 Rbf8 32. Re8 Bd7 33. Rxf8+ Rxf8 34. Qa3 Rf6 35. Re5 Bf8 36. Qb3 Rf5 37. Rxf5 gxf5 38. Be2 Qh6 39. f4 Qd6 40. Bf3 Bg7 41. Ne2 Bb5 42. Qc3 Nc6 43. Qd2 Nxd4 44. Nxd4 Qb6 45. Bxd5 Qxd4+ 46. Qxd4 Bxd4+ 47. Kh2 Bxb2 48. Ne3 Bc1 49. Nxf5 Bxf4+ 50. Kh3 Bd7 51. Kg4 Bc1 52. Be4 Be6 53. Kf3 Bb2 54. Nd6 a5 55. Bc2 Bd5+ 56. Kf4 Bc6 57. Nc4 Bc1+ 58. Ke5 a4 59. Kd4 h5 60. Nd6 h4 61. Bf5 a3 62. Bb1 h3 63. Ne4 Bxe4 0-1

[Event "Isle of Wight International"]
[Site "Ryde"]
[Date "2025.02.18"]
[Round "1.31"]
[White "Cansdale, Zach"]
[Black "Maki Uuro, Miika"]
[Result "1/2-1/2"]
[WhiteElo "1955"]
[BlackElo "2278"]
[PlyCount "58"]
[EventDate "2025.02.18"]
[EventType "swiss"]
[EventRounds "9"]
[EventCountry "ENG"]
[SourceTitle "BritBase"]
[Source "John Saunders"]
[SourceDate "2025.02.21"]
[SourceVersion "1"]
[SourceVersionDate "2025.02.21"]
[SourceQuality "1"]

1. d4 Nf6 2. c4 c5 3. d5 e6 4. Nc3 exd5 5. cxd5 d6 6. e4 g6 7. Bd3 Bg7 8. h3 O-O 9. Nf3 b5 10. O-O b4 11. Nb1 Re8 12. Re1 a5 13. a3 Ba6 14. Bxa6 Nxa6 15. Nfd2 c4 16. Nxc4 Nxe4 17. Nbd2 Nac5 18. axb4 axb4 19. Rxa8 Qxa8 20. Nxe4 Rxe4 21. Rxe4 Nxe4 22. Bf4 Nf6 23. Bxd6 Nxd5 24. Be5 Bxe5 25. Nxe5 Nf4 26. Qf3 Qxf3 27. Nxf3 b3 28. Nd4 Nd3 29. Nxb3 Nxb2 1/2-1/2

[Event "Isle of Wight International"]
[Site "Ryde"]
[Date "2025.02.18"]
[Round "1.32"]
[White "Fava, Lorenzo"]
[Black "Jukes, Sam"]
[Result "1-0"]
[WhiteElo "2269"]
[BlackElo "1951"]
[PlyCount "35"]
[EventDate "2025.02.18"]
[EventType "swiss"]
[EventRounds "9"]
[EventCountry "ENG"]
[SourceTitle "BritBase"]
[Source "John Saunders"]
[SourceDate "2025.02.21"]
[SourceVersion "1"]
[SourceVersionDate "2025.02.21"]
[SourceQuality "1"]

1. Nf3 Nf6 2. b3 d5 3. Bb2 e6 4. e3 Be7 5. d4 O-O 6. Bd3 b6 7. Qe2 Bb7 8. Nbd2 Nbd7 9. h4 c5 10. Ne5 Qc7 11. Rh3 Rfd8 12. Ndf3 Nxe5 13. dxe5 Ne4 14. Ng5 Bxg5 15. hxg5 d4 16. exd4 Rxd4 17. Bxd4 cxd4 18. Bxe4 1-0

[Event "Isle of Wight International"]
[Site "Ryde"]
[Date "2025.02.18"]
[Round "1.33"]
[White "Pereslavtsev, Alexandr"]
[Black "Banerjee, Supratit"]
[Result "1/2-1/2"]
[WhiteElo "1946"]
[BlackElo "2264"]
[PlyCount "97"]
[EventDate "2025.02.18"]
[EventType "swiss"]
[EventRounds "9"]
[EventCountry "ENG"]
[SourceTitle "BritBase"]
[Source "John Saunders"]
[SourceDate "2025.02.21"]
[SourceVersion "1"]
[SourceVersionDate "2025.02.21"]
[SourceQuality "1"]

1. d4 Nf6 2. c4 g6 3. Nc3 Bg7 4. e4 d6 5. Be2 O-O 6. Be3 e5 7. d5 Na6 8. g4 Nc5 9. f3 h5 10. g5 Nh7 11. Qd2 a5 12. h4 Re8 13. O-O-O Bd7 14. Nh3 a4 15. Nf2 Bf8 16. Nd3 Ra6 17. Nxc5 dxc5 18. Rdf1 Bd6 19. f4 exf4 20. Bxf4 Qe7 21. Rhg1 a3 22. b3 Be5 23. Bd3 Nf8 24. Rf2 Bg4 25. Nb5 Rc8 26. Re1 Nd7 27. Kb1 Bxf4 28. Rxf4 Ne5 29. Ref1 Bh3 30. R1f2 Bd7 31. Nc3 Rd6 32. Be2 Be8 33. Rf6 Rcd8 34. Qc1 Ra8 35. Qe3 Nd7 36. Qf4 Qe5 37. Qxe5 Nxe5 38. Rxd6 cxd6 39. Rf6 Rd8 40. Kc2 Kf8 41. Nb1 Ke7 42. Nxa3 Ra8 43. Kb2 Bd7 44. Nb5 Bg4 45. Nc3 Nd7 46. Rf4 Ne5 47. Rf6 Nd7 48. Rf4 Ne5 49. Rf6 1/2-1/2

[Event "Isle of Wight International"]
[Site "Ryde"]
[Date "2025.02.18"]
[Round "1.35"]
[White "Collyer, David"]
[Black "Kovalskyi, Roman"]
[Result "0-1"]
[WhiteElo "1929"]
[BlackElo "2240"]
[PlyCount "96"]
[EventDate "2025.02.18"]
[EventType "swiss"]
[EventRounds "9"]
[EventCountry "ENG"]
[SourceTitle "BritBase"]
[Source "John Saunders"]
[SourceDate "2025.02.21"]
[SourceVersion "1"]
[SourceVersionDate "2025.02.21"]
[SourceQuality "1"]

1. e4 c5 2. Nf3 g6 3. d4 cxd4 4. Nxd4 Nc6 5. c4 Nf6 6. Nc3 d6 7. Be2 Nxd4 8. Qxd4 Bg7 9. Be3 O-O 10. Qd2 a5 11. O-O a4 12. f3 Qa5 13. Rac1 Be6 14. Nd5 Qxd2 15. Nxe7+ Kh8 16. Bxd2 Rfe8 17. Nd5 Nxd5 18. cxd5 Bxd5 19. Bb5 Re5 20. Bc3 Bxa2 21. Bxe5 Bxe5 22. Rc2 Ra5 23. Bd7 b5 24. g3 b4 25. Rd2 Bb3 26. f4 Bf6 27. Rf3 Ra7 28. Bc6 Be6 29. f5 gxf5 30. exf5 Bc4 31. Rxd6 Bxb2 32. f6 Bxf6 33. Rfxf6 a3 34. Rd1 b3 35. Rf2 b2 36. Rb1 Ra6 37. Be4 Rb6 38. Rfxb2 Rxb2 39. Rxb2 axb2 40. Bb1 Kg7 41. Kf2 Kf6 42. Ke3 Ke5 43. g4 Be6 44. h3 h5 45. Kd2 h4 46. Kc3 Bxg4 47. Kxb2 Bxh3 48. Kc3 Bg2 0-1

[Event "Isle of Wight International"]
[Site "Ryde"]
[Date "2025.02.18"]
[Round "1.36"]
[White "Steiners, Emils"]
[Black "Varro, Daniel"]
[Result "1-0"]
[WhiteElo "2237"]
[BlackElo "1925"]
[PlyCount "99"]
[EventDate "2025.02.18"]
[EventType "swiss"]
[EventRounds "9"]
[EventCountry "ENG"]
[SourceTitle "BritBase"]
[Source "John Saunders"]
[SourceDate "2025.02.21"]
[SourceVersion "1"]
[SourceVersionDate "2025.02.21"]
[SourceQuality "1"]

1. d4 Nf6 2. c4 e6 3. Nc3 Bb4 4. e3 O-O 5. Bd3 c5 6. Nge2 cxd4 7. exd4 d5 8. cxd5 Qxd5 9. O-O Qh5 10. Qc2 Nbd7 11. Bf4 a6 12. a3 Bxc3 13. bxc3 b5 14. Bd6 Re8 15. a4 Bb7 16. Bg3 Rac8 17. axb5 axb5 18. Rab1 Bc6 19. Rfe1 e5 20. Bxb5 Be4 21. Bd3 exd4 22. Nxd4 Nc5 23. Bxe4 Ncxe4 24. Re3 Qc5 25. Nb3 Qc6 26. h3 Nxg3 27. Rxg3 Nd5 28. Rc1 Nf4 29. Nd4 Qc4 30. Qd2 Re4 31. Rd1 h6 32. Kh2 Rce8 33. Nf5 Re2 34. Qd7 Qe6 35. Nxg7 Qxd7 36. Nxe8+ Kf8 37. Rxd7 Kxe8 38. Rd4 Ne6 39. Rh4 Rxf2 40. Rf3 Rc2 41. Rxh6 Ke7 42. Rh4 Ng5 43. Re3+ Kf6 44. Rf4+ Kg6 45. Rg3 Kh5 46. Rf5 f6 47. Rxf6 Ne4 48. Rf5+ Kh6 49. Re3 Nxc3 50. Rc5 1-0

[Event "Isle of Wight International"]
[Site "Ryde"]
[Date "2025.02.18"]
[Round "1.37"]
[White "Zhu, Pengxiao"]
[Black "Bin-Suhayl, Ieysaa"]
[Result "0-1"]
[WhiteElo "1922"]
[BlackElo "2228"]
[PlyCount "164"]
[EventDate "2025.02.18"]
[EventType "swiss"]
[EventRounds "9"]
[EventCountry "ENG"]
[SourceTitle "BritBase"]
[Source "John Saunders"]
[SourceDate "2025.02.21"]
[SourceVersion "1"]
[SourceVersionDate "2025.02.21"]
[SourceQuality "1"]

1. d4 Nf6 2. c4 e6 3. Nc3 Bb4 4. Qc2 d5 5. cxd5 exd5 6. Bg5 h6 7. Bh4 Nc6 8. e3 g5 9. Bg3 h5 10. Bb5 h4 11. Be5 O-O 12. Bxc6 bxc6 13. h3 Ne4 14. f3 Nd6 15. Bxd6 Qxd6 16. Nge2 Re8 17. e4 dxe4 18. fxe4 f5 19. e5 Qe6 20. O-O Rf8 21. Kh1 Be7 22. Rf2 Bd7 23. Raf1 c5 24. Qd3 Rad8 25. Qe3 Bc6 26. Qd3 f4 27. Ne4 Qxe5 28. Nxc5 Qf6 29. Nb3 Qe6 30. Ng1 Bd6 31. Nf3 Qf5 32. Qc3 Bd5 33. Nc5 Rde8 34. Kg1 Re3 35. Qc1 Rfe8 36. Nh2 Qxh3 37. Qc2 Qg3 38. Qg6+ Kf8 39. Nd7+ Ke7 40. Nf6 Bf7 41. Qg7 Ke6 42. d5+ Ke7 43. Nh5 Be5 44. Nxg3 Bxg7 45. Nf5+ Kf8 46. Nxe3 Rxe3 47. Nf3 Bf6 48. Rc2 Re7 49. Rfc1 g4 50. Nh2 Bd4+ 51. Kh1 h3 52. Rd1 Bxd5 53. Rxd4 Re1+ 54. Nf1 hxg2+ 55. Rxg2 Rxf1+ 56. Kh2 g3+ 57. Rxg3 fxg3+ 58. Kxg3 c6 59. Ra4 Rf7 60. b3 Ke8 61. Rb4 Kd8 62. Kg4 Kc7 63. Ra4 Kb6 64. Rb4+ Kc5 65. Ra4 Kb5 66. Rd4 Rf2 67. a3 Rb2 68. Rb4+ Kc5 69. Ra4 Kb6 70. Rb4+ Kc7 71. Ra4 Kb7 72. b4 Rf2 73. Kg3 Rf5 74. Kg4 Re5 75. Kf4 Rh5 76. Kg4 Bb3 77. Rxa7+ Kxa7 78. Kxh5 Kb6 79. Kg6 Kb5 80. Kf6 Ka4 81. Ke5 Kxa3 82. Kd6 Ba4 0-1

[Event "Isle of Wight International"]
[Site "Ryde"]
[Date "2025.02.18"]
[Round "1.38"]
[White "Venkatesan, Kavin"]
[Black "Buckland, Louis"]
[Result "1-0"]
[WhiteElo "2227"]
[BlackElo "1919"]
[PlyCount "81"]
[EventDate "2025.02.18"]
[EventType "swiss"]
[EventRounds "9"]
[EventCountry "ENG"]
[SourceTitle "BritBase"]
[Source "John Saunders"]
[SourceDate "2025.02.21"]
[SourceVersion "1"]
[SourceVersionDate "2025.02.21"]
[SourceQuality "1"]

1. c4 b6 2. Nc3 Bb7 3. e4 e6 4. Nf3 Bb4 5. Qe2 Ne7 6. a3 Bxc3 7. dxc3 O-O 8. Qc2 f5 9. Bd3 Qe8 10. O-O d6 11. Ng5 Qd7 12. exf5 exf5 13. Re1 h6 14. Ne6 Rf6 15. Nf4 Nbc6 16. Be3 Ne5 17. Bd4 Nxd3 18. Qxd3 Rf7 19. Rad1 Re8 20. f3 Nc6 21. Qd2 Rfe7 22. Rxe7 Qxe7 23. b4 Nxd4 24. cxd4 Qe3+ 25. Qxe3 Rxe3 26. Nd3 Re2 27. c5 Ra2 28. b5 bxc5 29. dxc5 Rxa3 30. c6 Bc8 31. Nb4 Ra5 32. Nd5 Kf7 33. Nxc7 Ke7 34. Nd5+ Kd8 35. Nc3 Kc7 36. Re1 Kd8 37. f4 g5 38. g3 Kc7 39. Nd5+ Kb8 40. Re8 Rxb5 41. Ne7 1-0

[Event "Isle of Wight International"]
[Site "Ryde"]
[Date "2025.02.18"]
[Round "1.39"]
[White "McMahon, Paul"]
[Black "Shearsby, Jude"]
[Result "0-1"]
[WhiteElo "1919"]
[BlackElo "2227"]
[PlyCount "98"]
[EventDate "2025.02.18"]
[EventType "swiss"]
[EventRounds "9"]
[EventCountry "ENG"]
[SourceTitle "BritBase"]
[Source "John Saunders"]
[SourceDate "2025.02.21"]
[SourceVersion "1"]
[SourceVersionDate "2025.02.21"]
[SourceQuality "1"]

1. e4 c5 2. Nc3 g6 3. f4 Bg7 4. Nf3 Nc6 5. Bc4 e6 6. O-O Nge7 7. Qe1 O-O 8. d3 d5 9. Bb3 a6 10. a4 Rb8 11. Qh4 Nd4 12. Nxd4 cxd4 13. Ne2 dxe4 14. dxe4 d3 15. Nc3 dxc2 16. Qf2 Nc6 17. Bxc2 Bd4 18. Be3 Bxe3 19. Qxe3 Qd4 20. Qf2 b6 21. Rfd1 Qxf2+ 22. Kxf2 Bb7 23. Rd7 Rfc8 24. Rad1 Na5 25. f5 Nc4 26. fxe6 Nxb2 27. exf7+ Kf8 28. Rb1 Nc4 29. Rd3 Na3 30. Rxb6 Nxc2 31. Nd5 Bxd5 32. Rxb8 Rxb8 33. Rxd5 Rb7 34. Rd6 Nb4 35. Ke2 Kxf7 36. e5 Re7 37. Kd2 Rxe5 38. Kc3 a5 39. Rd7+ Re7 40. Rd2 Re3+ 41. Kc4 Re5 42. Rd7+ Re7 43. Rxe7+ Kxe7 44. Kb5 Kd6 45. Kxa5 Kc5 46. h4 h5 47. g3 Nd3 48. Ka6 Nb2 49. a5 Nc4 0-1

[Event "Isle of Wight International"]
[Site "Ryde"]
[Date "2025.02.18"]
[Round "1.40"]
[White "Boswell, Jacob Connor"]
[Black "Obrochta, Lena"]
[Result "1-0"]
[WhiteElo "2214"]
[BlackElo "1916"]
[PlyCount "53"]
[EventDate "2025.02.18"]
[EventType "swiss"]
[EventRounds "9"]
[EventCountry "ENG"]
[SourceTitle "BritBase"]
[Source "John Saunders"]
[SourceDate "2025.02.21"]
[SourceVersion "1"]
[SourceVersionDate "2025.02.21"]
[SourceQuality "1"]

1. e4 c5 2. Nf3 e6 3. d4 cxd4 4. Nxd4 a6 5. Bd3 Bc5 6. Nb3 Be7 7. Qg4 g6 8. Qe2 d6 9. Nc3 Nd7 10. a3 Qc7 11. Be3 b6 12. O-O-O Ne5 13. Kb1 Nf6 14. Bh6 Nfg4 15. Bc1 O-O 16. f4 Nxd3 17. Rxd3 Nf6 18. g4 Rd8 19. h4 h5 20. gxh5 Nxh5 21. f5 Kh7 22. fxg6+ fxg6 23. Rg1 Rg8 24. Rxg6 Rxg6 25. Qxh5+ Kg7 26. Bh6+ Kf7 27. Rg3 1-0

[Event "Isle of Wight International"]
[Site "Ryde"]
[Date "2025.02.18"]
[Round "1.41"]
[White "Sandhu, Manvith"]
[Black "Rappazzo, Johannes"]
[Result "1-0"]
[WhiteElo "1904"]
[BlackElo "2209"]
[PlyCount "43"]
[EventDate "2025.02.18"]
[EventType "swiss"]
[EventRounds "9"]
[EventCountry "ENG"]
[SourceTitle "BritBase"]
[Source "John Saunders"]
[SourceDate "2025.02.21"]
[SourceVersion "1"]
[SourceVersionDate "2025.02.21"]
[SourceQuality "1"]

1. e4 c5 2. Nf3 d6 3. d4 cxd4 4. Qxd4 Nc6 5. Bb5 Bd7 6. Bxc6 Bxc6 7. Nc3 h6 8. Qd3 e5 9. O-O Nf6 10. Re1 Be7 11. Bd2 O-O 12. h3 Rc8 13. Rad1 Qd7 14. Nh4 Nxe4 15. Rxe4 b5 16. Nd5 f5 17. Ng6 fxe4 18. Ndxe7+ Kh7 19. Qg3 Rf6 20. Bg5 Rxg6 21. Nxg6 Kxg6 22. Rxd6+ 1-0

[Event "Isle of Wight International"]
[Site "Ryde"]
[Date "2025.02.18"]
[Round "1.42"]
[White "Li, Harry"]
[Black "Bugaj, Hanna"]
[Result "1-0"]
[WhiteElo "2204"]
[BlackElo "1903"]
[PlyCount "85"]
[EventDate "2025.02.18"]
[EventType "swiss"]
[EventRounds "9"]
[EventCountry "ENG"]
[SourceTitle "BritBase"]
[Source "John Saunders"]
[SourceDate "2025.02.21"]
[SourceVersion "1"]
[SourceVersionDate "2025.02.21"]
[SourceQuality "1"]

1. e4 c5 2. Nf3 Nc6 3. d4 cxd4 4. Nxd4 e5 5. Nb5 d6 6. N1c3 a6 7. Na3 Be6 8. Nc4 b5 9. Ne3 Nf6 10. Bd3 Be7 11. O-O O-O 12. Ncd5 Rb8 13. c3 Qd7 14. b4 Bd8 15. a4 Bxd5 16. exd5 Ne7 17. axb5 axb5 18. Bc2 Bb6 19. Bb3 Ne4 20. Bb2 f5 21. Qd3 Nxf2 22. Rxf2 e4 23. Qe2 f4 24. Nd1 Rbe8 25. Kh1 Bxf2 26. Nxf2 e3 27. Nd3 Qf5 28. Ne1 Qd7 29. Nf3 Nf5 30. c4 bxc4 31. Ba4 Qe7 32. Bxe8 Rxe8 33. Qxc4 e2 34. Re1 Qe3 35. Ng1 f3 36. gxf3 Qg5 37. Rxe2 Ne3 38. Qd4 Kf7 39. Rxe3 Rxe3 40. Bc1 Re4 41. Qxe4 Qxc1 42. Qe6+ Kf8 43. Qxd6+ 1-0